The large church: (Record no. 9084)

000 -LEADER
fixed length control field 00628nam a2200181 a 4500
001 - CONTROL NUMBER
control field :::00006865$&:&@@
003 - CONTROL NUMBER IDENTIFIER
control field OkBaRHE
005 - DATE AND TIME OF LATEST TRANSACTION
control field 20000607103333.0
008 - FIXED-LENGTH DATA ELEMENTS--GENERAL INFORMATION
fixed length control field s1985 j 000 0 eng u
040 ## - CATALOGING SOURCE
Transcribing agency
100 1# - MAIN ENTRY--PERSONAL NAME
Personal name Vaughan, John N.
245 14 - TITLE STATEMENT
Title The large church:
Remainder of title a twentieth-century expression of the first-century church.
Statement of responsibility, etc [Foreword by Paul Yonggi Cho].
260 ## - PUBLICATION, DISTRIBUTION, ETC. (IMPRINT)
Place of publication, distribution, etc Grand Rapids, MI., :
Name of publisher, distributor, etc Baker Book House
Date of publication, distribution, etc c1985
300 ## - PHYSICAL DESCRIPTION
Extent 144 p. : illus. ;
Dimensions 23 cm.
650 ## - SUBJECT ADDED ENTRY--TOPICAL TERM
Topical term or geographic name as entry element Big Churches
942 ## - ADDED ENTRY ELEMENTS (KOHA)
Source of classification or shelving scheme
Koha item type Books
Copies
Source of classification or shelving scheme Shelving location Damaged status Koha item type Permanent Location Withdrawn status Full call number Barcode Price effective from Copy number Lost status Date acquired Date last seen Not for loan
 General Stacks BooksRHEMA Bible Training College BV 637.9 .V3768652010-04-141 2010-04-142010-04-14